| 000 | 00787nam a22002297a 4500 | ||
|---|---|---|---|
| 001 | BD-DhSAU 565 | ||
| 003 | BD-DhSAU | ||
| 005 | 20150104222828.0 | ||
| 008 | 150104b1983 ph a|||| |||| 000 0 eng d | ||
| 020 | _a9711040743 | ||
| 040 | _cBD-DhSAU | ||
| 082 |
_222 _a632.5 _bINP |
||
| 111 |
_aProceedings of the conference on weed control in rice. _d31 August- 4 September 1981 _e International Rice Research Institute |
||
| 245 |
_aWeed control in rice / _c International Rice Research Institute and International Weed Science Society. |
||
| 260 |
_aManila : _b International Rice Research Institute ; _cc1983 |
||
| 300 |
_a422 p. : _bill. ; _c22 cm. |
||
| 504 | _aIncludes bibliography. | ||
| 590 | _ajoy | ||
| 650 | _aAgronomy | ||
| 650 | _aWeed control. | ||
| 650 |
_arice _xweed control. |
||
| 942 |
_2ddc _cBOOK |
||
| 999 |
_c565 _d565 |
||